Language Quiz

Random Language or Letter Quiz

Fill-In Words: Even Letters Quiz Stats

 Plays Quiz Updated Jul 26, 2018

Challenge
Share
Tweet
Embed
Score 0/30 Timer 08:00
2 Plays Today
Clue Answer % Correct
_ L _ M _ XCLIMAX
80.9%
_ H _ P _ LCHAPEL
72.4%
_ P _ Q _ EOPAQUE
71.6%
_ T _ U _ KSTRUCK
60.9%
_ P _ R _ TSPIRIT
60.4%
_ N _ T _ DUNITED
57.2%
_ R _ F _ XPREFIX
55.2%
_ A _ Y _ XLARYNX
52.9%
_ D _ E _ BADVERB
46.8%
_ L _ G _ EPLAGUE
45.9%
_ B _ O _ BABSORB
43.3%
_ T _ A _ TSTRAIT
43%
_ R _ D _ TCREDIT
40.6%
_ U _ U _ BSUBURB
37.7%
_ R _ H _ RARCHER
35.8%
Clue Answer % Correct
_ T _ N _ ESTANCE
31.6%
_ N _ G _ AENIGMA
28.1%
_ M _ U _ TAMOUNT
27.5%
_ E _ V _ TVELVET
26.8%
_ M _ A _ RIMPAIR
25.9%
_ U _ E _ UBUREAU
25.1%
_ E _ A _ RREPAIR
25%
_ L _ O _ TALMOST
23.7%
_ I _ H _ HEIGHTH
23.6%
_ Y _ A _ ODYNAMO
22.7%
_ A _ T _ OTATTOO
18.8%
_ T _ E _ FITSELF
18%
_ U _ W _ TOUTWIT
17%
_ I _ U _ RLIQUOR
16.6%
_ O _ U _ NCOLUMN
7.1%

You're not logged in!

Compare scores with friends on all Sporcle quizzes.
Join for Free
OR
Log In

You Might Also Like...

Show Comments

Extras

Top Quizzes Today


Score Distribution

Your Account Isn't Verified!

In order to create a playlist on Sporcle, you need to verify the email address you used during registration. Go to your Sporcle Settings to finish the process.

Report this User

Report this user for behavior that violates our Community Guidelines.

Details: